Historium / (Record no. 3344)

MARC details
000 -LEADER
fixed length control field 02336cam a2200469 i 4500
001 - CONTROL NUMBER
control field 3344
003 - CONTROL NUMBER IDENTIFIER
control field FISKH
005 - DATE AND TIME OF LATEST TRANSACTION
control field 20240228160002.0
008 - FIXED-LENGTH DATA ELEMENTS--GENERAL INFORMATION
fixed length control field 140829t20152015maua j 001 0 eng d
010 ## - LIBRARY OF CONGRESS CONTROL NUMBER
LC control number 2014949929
020 ## - INTERNATIONAL STANDARD BOOK NUMBER
International Standard Book Number 9780763679842
Qualifying information (trade)
020 ## - INTERNATIONAL STANDARD BOOK NUMBER
International Standard Book Number 9781783701889
020 ## - INTERNATIONAL STANDARD BOOK NUMBER
International Standard Book Number 0763679844
Qualifying information (trade)
035 ## - SYSTEM CONTROL NUMBER
System control number (OCoLC)ocn899332222
040 ## - CATALOGING SOURCE
Original cataloging agency YDXCP
Language of cataloging eng
Transcribing agency YDXCP
Description conventions rda
Modifying agency BTCTA
-- OCLCQ
-- OCO
-- OCLCO
-- UOK
-- JBL
-- NBO
-- OCLCO
-- OCLCF
-- OCLCO
-- FOLLT
-- OCLCO
-- EHH
-- OJ4
-- UAB
-- BDX
-- CUT
-- DLC
042 ## - AUTHENTICATION CODE
Authentication code lccopycat
050 00 - LIBRARY OF CONGRESS CALL NUMBER
Classification number CC171
Item number .N45 2015
082 04 - DEWEY DECIMAL CLASSIFICATION NUMBER
Classification number 930.1
Edition number 23
100 1# - MAIN ENTRY--PERSONAL NAME
Personal name Nelson, Jo,
245 10 - TITLE STATEMENT
Title Historium /
Statement of responsibility, etc. illustrated by Richard Wilkinson ; written by Jo Nelson.
260 ## - PUBLICATION, DISTRIBUTION, ETC.
Place of publication, distribution, etc. Surrey :
Name of publisher, distributor, etc. Big Pictures,
Date of publication, distribution, etc. 2015
300 ## - PHYSICAL DESCRIPTION
Extent 95 pages :
Other physical details color illustrations ;
Dimensions 38 cm.
336 ## - CONTENT TYPE
Content type term text
Content type code txt
Source rdacontent
336 ## - CONTENT TYPE
Content type term still image
Content type code sti
Source rdacontent
337 ## - MEDIA TYPE
Media type term unmediated
Media type code n
Source rdamedia
338 ## - CARRIER TYPE
Carrier type term volume
Carrier type code nc
Source rdacarrier
490 1# - SERIES STATEMENT
Series statement Welcome to the museum
500 ## - GENERAL NOTE
General note Includes indexes.
505 0# - FORMATTED CONTENTS NOTE
Formatted contents note Africa. Southern Africa -- Western Africa -- Ancient Egypt -- America -- The Olmec -- The Maya -- The Aztecs -- The Hopewell -- The Pueblo -- Asia. Ancient India -- Ancient China -- Ancient Japan -- Ancient Korea -- Europe. The Celts -- Ancient Greece -- Ancient Rome -- The Vikings -- The Middle East. Mesopotamia -- The ancient Levant -- Ancient Persia -- Early Islam -- Oceania. Indigenous Australians -- Melanesia -- Polynesia -- The Māori go.
520 ## - SUMMARY, ETC.
Summary, etc. "Welcome to the museum! Here you will find a collection of objects from ancient civilisations. Objects of beauty, functionality, war, life, death and burial. As you wander from room to room, explore the magnificence of what civilisations have left behind over thousands of years of human history!"--
Assigning source Publisher's web site.
650 #0 - SUBJECT ADDED ENTRY--TOPICAL TERM
Topical term or geographic name entry element Antiquities
Form subdivision Juvenile literature.
650 #0 - SUBJECT ADDED ENTRY--TOPICAL TERM
Topical term or geographic name entry element Museum exhibits
Form subdivision Juvenile literature.
650 #1 - SUBJECT ADDED ENTRY--TOPICAL TERM
Topical term or geographic name entry element Antiquities.
650 #1 - SUBJECT ADDED ENTRY--TOPICAL TERM
Topical term or geographic name entry element Museum exhibits.
650 #7 - SUBJECT ADDED ENTRY--TOPICAL TERM
Topical term or geographic name entry element Antiquities.
Source of heading or term fast
Authority record control number or standard number (OCoLC)fst00810745
650 #7 - SUBJECT ADDED ENTRY--TOPICAL TERM
Topical term or geographic name entry element Museum exhibits.
Source of heading or term fast
Authority record control number or standard number (OCoLC)fst01030081
655 #7 - INDEX TERM--GENRE/FORM
Genre/form data or focus term Juvenile works.
Source of term fast
Authority record control number or standard number (OCoLC)fst01411637
700 1# - ADDED ENTRY--PERSONAL NAME
Personal name Wilkinson, Richard
Titles and other words associated with a name (Illustrator),
Relator term illustrator.
906 ## - LOCAL DATA ELEMENT F, LDF (RLIN)
a 7
b cbc
c copycat
d 2
e epcn
f 20
g y-gencatlg
942 ## - ADDED ENTRY ELEMENTS (KOHA)
Source of classification or shelving scheme Dewey Decimal Classification
Koha item type Books
Suppress in OPAC No
Holdings
Withdrawn status Lost status Source of classification or shelving scheme Damaged status Not for loan Collection Home library Current library Shelving location Date acquired Total Checkouts Full call number Barcode Date last seen Price effective from Koha item type
    Dewey Decimal Classification     Non-Fiction Footprints International School Library Network Toul Kork Campus Footprints International School Library Network Toul Kork Campus   02/28/2024   NEL 930.1 CC171 2024-0137 02/28/2024 02/28/2024 Books